000 00247nam a22001217a 4500
008 171019b xxu||||| |||| 00| 0 eng d
041 _aALB
080 _a338
100 _a53
101 _aMEN
245 _aMENAXHIMI
_cLLACI.SH
942 _2udc
_cBK
999 _c34889
_d34889